00406nam a22001337a 4500003000400000005001700004008004100021040000900062082002700071100001800098245010000116260002800216300002800244OSt20151007104600.0151007b xxu||||| |||| 00| 0 eng d cRUA  aAVM TEK 2006 B077 Or.1 aTEKSENG SOKUN aEffect of antibiotic use on diarrhea in piglet in srey santhor district, kampong cham province) aphnom penh brua c2006 aviii, 32p.bill.c29cm.